| 000 | 00695nam a22001937a 4500 | ||
|---|---|---|---|
| 999 |
_c18505 _d18505 |
||
| 008 | 231124b ||||| |||| 00| 0 eng d | ||
| 020 | _a9781266287022 | ||
| 082 |
_22024 _aDC 796.07 _bF525 |
||
| 100 |
_aWalton-Fisette, Jennifer L. _950184 |
||
| 245 |
_aFoundations of physical education, exercise science, and sport / _cJennifer L. Walton-Fisette and Deborah A. Wuest. |
||
| 250 | _a21st edition. | ||
| 260 |
_aNew York : _bMcGraw hill llc, _c©2024 |
||
| 300 |
_axvi, 444 pages : _billustrations ; _c23 cm. |
||
| 500 | _aIncludes references and index. | ||
| 650 |
_aPhysical education. _950439 |
||
| 650 |
_aSports. _950440 |
||
| 700 |
_aWuest, Deborah A. _eauthor. _911781 |
||
| 942 |
_2ddc _cDC |
||